| 000 | 01319cam a2200325 a 4500 | ||
|---|---|---|---|
| 001 | 14331965 | ||
| 003 | OSt | ||
| 005 | 20240617121844.0 | ||
| 008 | 060406s2006 enka b 001 0 eng | ||
| 010 | _a 2006271450 | ||
| 020 | _a9780521825696 (hardback) | ||
| 020 | _a0521825695 (hardback) | ||
| 040 |
_aDLC _cDLC _dMUST |
||
| 082 | 0 | 0 |
_a511.352 _bPAN 2006 |
| 100 | 1 |
_aPang, Tao, _d1959- _913881 |
|
| 245 | 1 | 3 |
_aAn introduction to computational physics / _cTao Pang. |
| 250 | _a2nd ed. | ||
| 260 |
_aCambridge ; _aNew York : _bCambridge University Press, _c2006. |
||
| 300 |
_a385 p. : _bill. ; _c26 cm. |
||
| 650 | 0 |
_aPhysics _xData processing. _912672 |
|
| 650 | 0 |
_aPhysics _xMethodology. _98164 |
|
| 650 | 0 |
_aNumerical calculations. _913882 |
|
| 650 | 0 |
_aMathematical physics. _9372 |
|
| 856 | 4 | 2 |
_3Publisher description _uhttp://www.loc.gov/catdir/enhancements/fy0642/2006271450-d.html |
| 856 | 4 | 1 |
_3Table of contents only _uhttp://www.loc.gov/catdir/enhancements/fy0642/2006271450-t.html |
| 856 | 4 | 2 |
_3Contributor biographical information _uhttp://www.loc.gov/catdir/enhancements/fy0732/2006271450-b.html |
| 906 |
_a7 _bcbc _corigcop _d2 _encip _f20 _gy-gencatlg |
||
| 942 |
_2ddc _cO_SHELF |
||
| 999 |
_c8547 _d8547 |
||